| 000 | 00585nam a2200181Ia 4500 | ||
|---|---|---|---|
| 008 | 100917s9999 xx 000 0 und d | ||
| 082 | _b11335 | ||
| 100 | _aमतकरी रामन | ||
| 245 | _aगाऊं त्यांना आरती | ||
| 260 |
_bजगताप कारले प्रकाशन _c1972 |
||
| 300 | _a64 | ||
| 365 | _b2 | ||
| 520 | _aबालविभाग | ||
| 630 | _aगाऊं त्यांना आरती | ||
| 650 | _aबालविभाग | ||
| 730 | _aगाऊं त्यांना आरती | ||
| 942 | _cBOOK | ||
| 999 |
_c616729 _d616726 |
||